| 000 | 00681nam a22001937a 4500 | ||
|---|---|---|---|
| 999 |
_c18084 _d18084 |
||
| 003 | AR-CdUCM | ||
| 008 | 190511b ||||| |||| 00| 0 spa d | ||
| 040 |
_aMUNICIPALIDAD PROVINCIAL DEL CUSCO _cBIBLIOTECA MUNICIPAL DEL CUSCO |
||
| 082 |
_a621 / _bV32 _291 ed. |
||
| 100 |
_aVasquez, Jose W. _938461 |
||
| 245 |
_aFísica general : _bTeoría y problemas / |
||
| 260 |
_aLima : _bSan Marcos, _c1993. |
||
| 300 |
_a594 páginas ; _c21 cm. |
||
| 505 | _aContenido : Magnitudes y unidades -- Vectoriales -- Cinemática -- Gravitación -- Cantidad de calor ... | ||
| 650 |
_aCiencias puras. _920725 |
||
| 650 |
_aTecnología. _91571 |
||
| 942 |
_2ddc _cLIBROS |
||
| 945 |
_arum _d2019-05-11 |
||